1084 1936 1664 1423 1704 1253 1673 1191 1116 1914 1088 1755 1067 1819 1624 1315 1360 1341 1715 1909 1484 1699 1551 1804 1461 1924 1072 1012 1209 1289 1595 1542 1855 1979 1648 1989 1048 1289 1578 1267 1810 1589 1870 1021 1432 1914 1915 1982 1339 1339 1847 1119 1016 1495 1501 1633 1954 1191 1824 1904 1524 1282 1272 1208 1224 1598 1876 1966 1125 1486 1222 1936 1341 1000 1340 1420 1721 1303 1967 1604 1059 1260 1919 1828 1687 1669 1433 1085 1732 1940 1989 1937 1062 1702 1752 1219 1507 1748 1706 BCNSPRNW ULIB Ver.6.0+V

เปลี่ยนเป็นภาษาไทย

Change to English
 แสดงรายละเอียดบรรณานุกรม
  กลับหน้าหลัก

Brief Record : Get Marc (ISO 2709) : E-mail record : QR code < ปิดหน้าต่าง
LEADER : 00000nam 2200000uu 4500
001    13399128204
003     ULIB
008    220815s2022||||th 000 0 tha d
020    ^a9780323697118
060 04 ^aWY105^bL434
245 00 ^aLeadership and nursing care management /^cedited by DianeHuber, Lindell M. Joseph
250    ^a7th ed.
260    ^aSt. Louis, Missouri :^bElsevier,^c2022
300    ^axxiii, 564 pages :^billustrations ;^c24 cm
504    ^aIncludes bibliographical references and index
650  0 ^aLeadership
650  0 ^aNurse administrators
650  0 ^aNursing services^xAdministration
650  2 ^aNursing, Supervisory
700 1  ^aHuber, Diane,^eed
700 1  ^aJoseph, Lindell M.,^eed
945    ^p0^l0^i009308
999    ^aประนอม เกษจรัล
รายการนี้ยังไม่มีแท็ก
คุณยังไม่ได้ล็อกอิน คุณสามารถมีกิจกรรมร่วมกับเว็บไซต์ได้ แต่ต้องล็อกอินก่อน ::
  ล็อกอิน

รายการสื่อสารสนเทศ

ลำดับที่ ประเภท เลขเรียก/บาร์โค้ด สถานที่ สถานะ
1. Book การพยาบาล
หนังสือสำรอง
สถานะ=หนังสือสำรอง
WY105 L434 ฉ.1 
  Barcode: 009308
ห้องสมุดวิทยาเขตสวรรค์ประชารักษ์
►หนังสือทั่วไป
บนชั้น

รายการใกล้เคียง
    หัวเรื่อง [Leadership]
    หัวเรื่อง [Nurse administrators]
    หัวเรื่อง [Nursing, Supervisory]

BibComment


ยังไม่เคยถูกคอมเมนท์

คอมเมนท์ทรัพยากรรายการนี้
  คอมเมนท์: Leadership and n..


 Copyright 2026. Bcnsprnw @Library